Evaluación de la eficiencia de remoción de sólidos suspendidos del sistema lagunar de tratamiento de aguas residuales de la ciudad de Nicoya y propuesta de un plan de acciones correctivas y preventivas

Gorde:
Xehetasun bibliografikoak
Egile nagusia: Soto Bolaños, Mario A.
Formatua: Liburua
Argitaratua: San José, C.R. 2005
Gaiak:
Etiketak: Etiketa erantsi
Etiketarik gabe, Izan zaitez lehena erregistro honi etiketa jartzen!

MARC

LEADER 00000nam a2200000Ia 4500
003 009614
005 20221231144126.0
008 140114s2005 cr a m 000 ||s d
040 |c cru CEDI  
090 |a TFG 5156 
100 |a Soto Bolaños, Mario A.  |9 5827 
245 |a Evaluación de la eficiencia de remoción de sólidos suspendidos del sistema lagunar de tratamiento de aguas residuales de la ciudad de Nicoya y propuesta de un plan de acciones correctivas y preventivas 
260 |c 2005  |a  San José, C.R. 
300 |a  96, [14] hojas : ilustraciones a color, 1 plano plegables 
500 |a  Proyecto de graduación (licenciado en ingeniería civil)--Universidad de Costa Rica. Facultad de Ingeniería. Escuela de Ingeniería Civil 
650 |x LAGUNAS DE ESTABILIZACION   |x RESIDUOS SOLIDOS   |x AGUAS RESIDUALES   |x NICOYA (GUANACASTE, COSTA RICA)   |x EUTROFIZACION   |x FILTRACION   |x PURIFICACION DE AGUAS RESIDUALES  |9 5828 
942 |c TFG 
999 |c 17267  |d 17267